000 00506nam a2200193Ia 4500
003 GCL
008 140319s9999 xx 000 0 eng d
040 _aGCL /
_cGCL
082 0 4 _a941
_bV B
100 1 _aVESEY- FITZGERALD, BRIAN
245 1 0 _aTHE BRITISH COUNTRYSIDE IN PICTURES /
_cVESEY- FITZGERALD, BRIAN
260 _a[S.N] :
_bODHAMS PRESS LTD
300 _a319 P
650 0 4 _aPICTURES
650 0 4 _aOCCUPATIONS
650 0 4 _aBRITISH COUNTRYSIDE
650 0 4 _aRURAL CRAFTS
942 _2ddc
_cBK
999 _c21775
_d21775